000 01125nam a22002657a 4500
999 _c64634
_d64634
005 20240530110742.0
008 180923s2016 ua a g b 000 0 ara d
017 _bمصر . دار الكتب
_a2016/21768
040 _aEG-CaGPL
_cEG-CaGPL
082 0 4 _221
_a914.951\
_bج أ
100 1 _aجلبى ، ايفليا
245 1 0 _aاثينا العثمانية كما راها الرحالة ايفليا جلبى /
_cايفليا جلبى ؛ ترجمة وتعليق وتقديم احمد امين ، شاكر موسى
250 _aط.1
260 _aالاسكندرية :
_c2016 .
300 _a131 ص. :
_bايض ؛
_c20 سم.
504 _aيشتمل على ارجاعات ببليوجرافية
651 0 7 _2qrmak
_aاثينا
_xوصف ورحلات
651 0 7 _aاثينا
_xعادات وتقاليد
651 0 7 _aاثينا
651 0 7 _aاثينا
_xتاريخ
_yالعصر العثمانى
700 0 _aاحمد امين
_eمترجم ومعلق ومقدم
700 0 _aشاكر موسى
_eمترجم ومعلق ومقدم
942 _2ddc
_cBK